<?xml version="1.0" encoding="UTF-8"?>
<record
    xmlns:xsi="http://www.w3.org/2001/XMLSchema-instance"
    xsi:schemaLocation="http://www.loc.gov/MARC21/slim http://www.loc.gov/standards/marcxml/schema/MARC21slim.xsd"
    xmlns="http://www.loc.gov/MARC21/slim">

  <leader>01176nam a22002774a 4500</leader>
  <controlfield tag="001">UTEA</controlfield>
  <controlfield tag="005">20240914014736.0</controlfield>
  <controlfield tag="006">g||||gr||||||01 nz</controlfield>
  <controlfield tag="007">ta</controlfield>
  <controlfield tag="008">200208b        es ||||| |||| 00| 0 spa d</controlfield>
  <datafield tag="020" ind1=" " ind2=" ">
    <subfield code="a">9788441539150</subfield>
  </datafield>
  <datafield tag="040" ind1=" " ind2=" ">
    <subfield code="a">UTEA</subfield>
  </datafield>
  <datafield tag="041" ind1=" " ind2=" ">
    <subfield code="a">spa</subfield>
  </datafield>
  <datafield tag="082" ind1=" " ind2=" ">
    <subfield code="a">658.84</subfield>
    <subfield code="b">G74 2017</subfield>
  </datafield>
  <datafield tag="100" ind1=" " ind2=" ">
    <subfield code="a">I&#xF1;aki Gorostiza</subfield>
    <subfield code="e">Autor</subfield>
  </datafield>
  <datafield tag="245" ind1=" " ind2=" ">
    <subfield code="a">Google Tag Manager </subfield>
    <subfield code="b">: mide y vencer&#xE1;s</subfield>
    <subfield code="h">[Impreso]</subfield>
  </datafield>
  <datafield tag="246" ind1=" " ind2=" ">
    <subfield code="c">I&#xF1;aki Gorostiza</subfield>
  </datafield>
  <datafield tag="250" ind1=" " ind2=" ">
    <subfield code="a">1a. edici&#xF3;n :</subfield>
  </datafield>
  <datafield tag="260" ind1=" " ind2=" ">
    <subfield code="a">Madrid,</subfield>
    <subfield code="b">Anaya,</subfield>
    <subfield code="c">2017</subfield>
  </datafield>
  <datafield tag="300" ind1=" " ind2=" ">
    <subfield code="a">271 p&#xE0;ginas</subfield>
    <subfield code="c">25 cm</subfield>
  </datafield>
  <datafield tag="505" ind1=" " ind2=" ">
    <subfield code="a">Introducci&#xF3;n -- Google Tag Manager dentro del plan de anal&#xED;tica digital -- La interfaz de Google Tag Manager -- Administraci&#xF3;n Google Tag Manager -- Conceptos b&#xE1;sicos en Google Tag Manager -- Publicaci&#xF3;n y control de versiones -- Vista previa y depuraci&#xF3;n del contenido en GTM -- Etiquetas -- Los activadores de Google Tag Manager -- Las variables en Google Tag Manager -- Dom scraping -- Data layer -- Ejemplos pr&#xE1;cticos</subfield>
  </datafield>
  <datafield tag="650" ind1=" " ind2=" ">
    <subfield code="a">Dom scraping </subfield>
    <subfield code="9">44753</subfield>
  </datafield>
  <datafield tag="650" ind1=" " ind2=" ">
    <subfield code="a">Ejemplos pr&#xE1;cticos</subfield>
    <subfield code="9">44754</subfield>
  </datafield>
  <datafield tag="650" ind1=" " ind2=" ">
    <subfield code="a">Data layer </subfield>
    <subfield code="9">44755</subfield>
  </datafield>
  <datafield tag="942" ind1=" " ind2=" ">
    <subfield code="c">BK</subfield>
    <subfield code="e">2024-09-13</subfield>
    <subfield code="z">Lizbeth Ca&#xF1;ari Quispe</subfield>
    <subfield code="2">ddc</subfield>
  </datafield>
  <datafield tag="952" ind1=" " ind2=" ">
    <subfield code="0">0</subfield>
    <subfield code="1">0</subfield>
    <subfield code="2">ddc</subfield>
    <subfield code="4">0</subfield>
    <subfield code="7">0</subfield>
    <subfield code="8">EPISF1</subfield>
    <subfield code="a">BABA</subfield>
    <subfield code="b">BABA</subfield>
    <subfield code="c">SALA1</subfield>
    <subfield code="d">2020-02-08</subfield>
    <subfield code="e">CP</subfield>
    <subfield code="o">658.84 G74 2017</subfield>
    <subfield code="p">BABA20020316</subfield>
    <subfield code="t">ej. 1</subfield>
    <subfield code="y">BK</subfield>
  </datafield>
  <datafield tag="952" ind1=" " ind2=" ">
    <subfield code="0">0</subfield>
    <subfield code="1">0</subfield>
    <subfield code="2">ddc</subfield>
    <subfield code="4">0</subfield>
    <subfield code="7">0</subfield>
    <subfield code="8">EPISF1</subfield>
    <subfield code="a">BABA</subfield>
    <subfield code="b">BABA</subfield>
    <subfield code="c">SALA1</subfield>
    <subfield code="d">2020-02-08</subfield>
    <subfield code="e">CP</subfield>
    <subfield code="o">658.84 G74 2017</subfield>
    <subfield code="p">BABA20020507</subfield>
    <subfield code="t">ej. 2</subfield>
    <subfield code="y">BK</subfield>
  </datafield>
  <datafield tag="952" ind1=" " ind2=" ">
    <subfield code="0">0</subfield>
    <subfield code="1">0</subfield>
    <subfield code="2">ddc</subfield>
    <subfield code="4">0</subfield>
    <subfield code="7">0</subfield>
    <subfield code="8">EPISF1</subfield>
    <subfield code="a">BCUS</subfield>
    <subfield code="b">BCUS</subfield>
    <subfield code="c">Biblioteca Puputi</subfield>
    <subfield code="d">2024-09-13</subfield>
    <subfield code="e">CP</subfield>
    <subfield code="o">658.84 G74 2017</subfield>
    <subfield code="p">BCUS20020508</subfield>
    <subfield code="t">ej. 1</subfield>
    <subfield code="y">BK</subfield>
    <subfield code="k"></subfield>
  </datafield>
  <datafield tag="952" ind1=" " ind2=" ">
    <subfield code="0">0</subfield>
    <subfield code="1">0</subfield>
    <subfield code="2">ddc</subfield>
    <subfield code="4">0</subfield>
    <subfield code="7">0</subfield>
    <subfield code="8">EPISF1</subfield>
    <subfield code="a">BCUS</subfield>
    <subfield code="b">BCUS</subfield>
    <subfield code="c">Biblioteca Puputi</subfield>
    <subfield code="d">2024-09-13</subfield>
    <subfield code="e">CP</subfield>
    <subfield code="o">658.84 G74 2017</subfield>
    <subfield code="p">BCUS20020509</subfield>
    <subfield code="t">ej. 2</subfield>
    <subfield code="y">BK</subfield>
    <subfield code="k"></subfield>
  </datafield>
  <datafield tag="952" ind1=" " ind2=" ">
    <subfield code="0">0</subfield>
    <subfield code="1">0</subfield>
    <subfield code="2">ddc</subfield>
    <subfield code="4">0</subfield>
    <subfield code="7">0</subfield>
    <subfield code="8">EPISF1</subfield>
    <subfield code="a">BCUS</subfield>
    <subfield code="b">BCUS</subfield>
    <subfield code="c">Biblioteca Puputi</subfield>
    <subfield code="d">2024-09-13</subfield>
    <subfield code="e">CP</subfield>
    <subfield code="o">658.84 G74 2017</subfield>
    <subfield code="p">BCUS24020214</subfield>
    <subfield code="t">ej. 3</subfield>
    <subfield code="y">BK</subfield>
    <subfield code="k"></subfield>
  </datafield>
  <datafield tag="999" ind1=" " ind2=" ">
    <subfield code="c">14933</subfield>
    <subfield code="d">14933</subfield>
  </datafield>
</record>
